La espada y la oliva (Record no. 157034)

MARC details
000 -LEADER
campo de control de longitud fija 00825nam a22001935i 4500
001 - NÚMERO DE CONTROL
campo de control 157034
003 - IDENTIFICADOR DE NÚMERO DE CONTROL
campo de control ES-MaACL
005 - FECHA Y HORA DE LA ÚLTIMA TRANSACCIÓN
campo de control 20250824053617.0
008 - DATOS DE LONGITUD FIJA--INFORMACIÓN GENERAL
campo de control de longitud fija 020514s1879 sp |||| | spa d
040 ## - FUENTE DE CATALOGACIÓN
Centro catalogador/agencia de origen CAM
Lengua de catalogación spa
Centro/agencia transcriptor CAM
100 1# - ENTRADA PRINCIPAL--NOMBRE DE PERSONA
Nombre de persona Lanzarot y Herrero, José.
9 (RLIN) 128680
245 13 - MENCIÓN DEL TÍTULO
Título La espada y la oliva
Resto del título : poema lírico-dramático en un acto y dos cuadros /
Mención de responsabilidad, etc. original de José Lanzarot y Herrero.
260 ## - PUBLICACIÓN, DISTRIBUCIÓN, ETC.
Lugar de publicación, distribución, etc. Madrid :
Nombre del editor, distribuidor, etc. Enrique Arregui, editor,
Fecha de publicación, distribución, etc. 1879 (
Fabricante Imprenta á cargo de Ignacio Moraleda)
300 ## - DESCRIPCIÓN FÍSICA
Extensión 28 p. ;
Dimensiones 19 cm.
490 1# - MENCIÓN DE SERIE
Mención de serie Biblioteca Lírico-Dramática
830 00 - PUNTO DE ACCESO ADICIONAL DE SERIE-TÍTULO UNIFORME
Título uniforme Biblioteca lírico-dramática
9 (RLIN) 188055
852 ## - LOCALIZACIÓN
Ubicación ES-MaACL
Número de control de estantería T-318-F-11
Nota libre -- Enc. hol.
-- -- Ded. ms. del autor al bibliotecario del Ateneo
condición física -- Falto de la cub. original
Nota libre -- Enc. en un vol. facticio
Holdings
Estatus retirado Estado de pérdida Estado de daño No para préstamo Colección Biblioteca de origen Biblioteca actual Ubicación en estantería Fecha de adquisición Total de préstamos Signatura topográfica completa Código de barras Visto por última vez Precio de reemplazo Tipo de ítem Koha
        Colección de folletos Biblioteca del Ateneo de Madrid Biblioteca del Ateneo de Madrid Depósito folletos 17/01/2008   T-318-F-11 1164302 23/02/2023 23/02/2023 Folleto